<?xml version="1.0" encoding="UTF-8"?>
<record
    xmlns:xsi="http://www.w3.org/2001/XMLSchema-instance"
    xsi:schemaLocation="http://www.loc.gov/MARC21/slim http://www.loc.gov/standards/marcxml/schema/MARC21slim.xsd"
    xmlns="http://www.loc.gov/MARC21/slim">

  <leader>00853nam a22002297a 4500</leader>
  <controlfield tag="003">SISC</controlfield>
  <controlfield tag="005">20180502135320.0</controlfield>
  <controlfield tag="008">180502b        xxu||||| |||| 00| 0 eng d</controlfield>
  <datafield tag="020" ind1=" " ind2=" ">
    <subfield code="a">9788965880776</subfield>
  </datafield>
  <datafield tag="020" ind1=" " ind2=" ">
    <subfield code="a">9788965880721</subfield>
  </datafield>
  <datafield tag="050" ind1=" " ind2=" ">
    <subfield code="a">PL 991.3 .C5</subfield>
    <subfield code="b">A6 2012</subfield>
  </datafield>
  <datafield tag="100" ind1=" " ind2=" ">
    <subfield code="a">Hyun, Jin Gun = &#xD604; &#xC9C4;&#xAC74; &#xC9C0;&#xC74C;</subfield>
  </datafield>
  <datafield tag="245" ind1=" " ind2=" ">
    <subfield code="a">A good day = &#xC6B4;&#xC218; &#xC88B;&#xC740; &#xB0A0; /</subfield>
    <subfield code="c">Hyun Jin Gun = &#xD604; &#xC9C4;&#xAC74; &#xC9C0;&#xC74C;; Kim Joon Woo, editor ; Lee Kyoung Ha, illustrator</subfield>
  </datafield>
  <datafield tag="246" ind1=" " ind2=" ">
    <subfield code="a">Unsu cho&#x16D;n nal; Pinch'&#x14F; ; Kohyang ; Sul kw&#x14F;nhan&#x16D;n sahoe</subfield>
  </datafield>
  <datafield tag="260" ind1=" " ind2=" ">
    <subfield code="a">Soul-si:</subfield>
    <subfield code="b">Sapiens 21 Cor.,</subfield>
    <subfield code="c">2012.</subfield>
  </datafield>
  <datafield tag="300" ind1=" " ind2=" ">
    <subfield code="a">144 pages :</subfield>
    <subfield code="b">color illustrations ; </subfield>
    <subfield code="c">21 cm.</subfield>
  </datafield>
  <datafield tag="440" ind1=" " ind2=" ">
    <subfield code="a">Safian's Korean literature short</subfield>
    <subfield code="v">volume 5</subfield>
  </datafield>
  <datafield tag="500" ind1=" " ind2=" ">
    <subfield code="a">Includes index.</subfield>
  </datafield>
  <datafield tag="650" ind1=" " ind2=" ">
    <subfield code="2">Library of Congress Subject Headings</subfield>
    <subfield code="a">Short stories</subfield>
    <subfield code="z">Korea</subfield>
  </datafield>
  <datafield tag="942" ind1=" " ind2=" ">
    <subfield code="2">lcc</subfield>
    <subfield code="c">BK</subfield>
  </datafield>
  <datafield tag="999" ind1=" " ind2=" ">
    <subfield code="c">356395</subfield>
    <subfield code="d">356395</subfield>
  </datafield>
  <datafield tag="952" ind1=" " ind2=" ">
    <subfield code="0">0</subfield>
    <subfield code="1">0</subfield>
    <subfield code="2">lcc</subfield>
    <subfield code="4">0</subfield>
    <subfield code="a">LUX</subfield>
    <subfield code="b">LUX</subfield>
    <subfield code="c">IB</subfield>
    <subfield code="d">2018-05-02</subfield>
    <subfield code="e">Library Fund</subfield>
    <subfield code="k">IB</subfield>
    <subfield code="l">1</subfield>
    <subfield code="o">PL 991.3 .C5 A6 2012</subfield>
    <subfield code="p">IB0262</subfield>
    <subfield code="r">2024-04-29 00:00:00</subfield>
    <subfield code="s">2024-04-29</subfield>
    <subfield code="t">1</subfield>
    <subfield code="w">2018-05-02</subfield>
    <subfield code="y">BK</subfield>
  </datafield>
  <datafield tag="952" ind1=" " ind2=" ">
    <subfield code="0">0</subfield>
    <subfield code="1">0</subfield>
    <subfield code="2">lcc</subfield>
    <subfield code="4">0</subfield>
    <subfield code="a">LUX</subfield>
    <subfield code="b">LUX</subfield>
    <subfield code="c">IB</subfield>
    <subfield code="d">2018-05-02</subfield>
    <subfield code="e">Library Fund</subfield>
    <subfield code="k">IB</subfield>
    <subfield code="l">0</subfield>
    <subfield code="o">PL 991.3 .C5 A6 2012</subfield>
    <subfield code="p">IB0263</subfield>
    <subfield code="r">2018-05-02 00:00:00</subfield>
    <subfield code="t">2</subfield>
    <subfield code="w">2018-05-02</subfield>
    <subfield code="y">BK</subfield>
  </datafield>
  <datafield tag="952" ind1=" " ind2=" ">
    <subfield code="0">0</subfield>
    <subfield code="1">0</subfield>
    <subfield code="2">lcc</subfield>
    <subfield code="4">0</subfield>
    <subfield code="a">LUX</subfield>
    <subfield code="b">LUX</subfield>
    <subfield code="c">IB</subfield>
    <subfield code="d">2018-05-02</subfield>
    <subfield code="e">Library Fund</subfield>
    <subfield code="k">IB</subfield>
    <subfield code="l">0</subfield>
    <subfield code="o">PL 991.3 .C5 A6 2012</subfield>
    <subfield code="p">IB0264</subfield>
    <subfield code="r">2018-05-02 00:00:00</subfield>
    <subfield code="t">3</subfield>
    <subfield code="w">2018-05-02</subfield>
    <subfield code="y">BK</subfield>
  </datafield>
</record>
